<?xml version="1.0" encoding="UTF-8"?><?xml-stylesheet type="text/xsl" href="static/style.xsl"?><OAI-PMH xmlns="http://www.openarchives.org/OAI/2.0/" xmlns:xsi="http://www.w3.org/2001/XMLSchema-instance" xsi:schemaLocation="http://www.openarchives.org/OAI/2.0/ http://www.openarchives.org/OAI/2.0/OAI-PMH.xsd"><responseDate>2026-04-14T06:41:40Z</responseDate><request verb="GetRecord" identifier="oai:www.recercat.cat:20.500.12327/3703" metadataPrefix="marc">https://recercat.cat/oai/request</request><GetRecord><record><header><identifier>oai:recercat.cat:20.500.12327/3703</identifier><datestamp>2025-10-22T10:57:31Z</datestamp><setSpec>com_2072_4428</setSpec><setSpec>com_2072_4427</setSpec><setSpec>col_2072_487896</setSpec></header><metadata><record xmlns="http://www.loc.gov/MARC21/slim" xmlns:dcterms="http://purl.org/dc/terms/" xmlns:xsi="http://www.w3.org/2001/XMLSchema-instance" xmlns:doc="http://www.lyncode.com/xoai" xsi:schemaLocation="http://www.loc.gov/MARC21/slim http://www.loc.gov/standards/marcxml/schema/MARC21slim.xsd">
   <leader>00925njm 22002777a 4500</leader>
   <datafield ind2=" " ind1=" " tag="042">
      <subfield code="a">dc</subfield>
   </datafield>
   <datafield ind2=" " ind1=" " tag="720">
      <subfield code="a">Cantín, C.M.</subfield>
      <subfield code="e">author</subfield>
   </datafield>
   <datafield ind2=" " ind1=" " tag="720">
      <subfield code="a">Val, J.</subfield>
      <subfield code="e">author</subfield>
   </datafield>
   <datafield ind2=" " ind1=" " tag="720">
      <subfield code="a">Díaz, A.</subfield>
      <subfield code="e">author</subfield>
   </datafield>
   <datafield ind2=" " ind1=" " tag="720">
      <subfield code="a">Del Río, S.</subfield>
      <subfield code="e">author</subfield>
   </datafield>
   <datafield ind2=" " ind1=" " tag="720">
      <subfield code="a">Bosich, Walter Andres</subfield>
      <subfield code="e">author</subfield>
   </datafield>
   <datafield ind2=" " ind1=" " tag="720">
      <subfield code="a">Echeverria, Gemma</subfield>
      <subfield code="e">author</subfield>
   </datafield>
   <datafield ind2=" " ind1=" " tag="260">
      <subfield code="c">2024</subfield>
   </datafield>
   <datafield ind2=" " ind1=" " tag="520">
      <subfield code="a">España ostenta el segundo puesto a nivel mundial como productor de melocotón, siendo además el primer productor y exportador en Europa. Las principales zonas de producción se sitúan en el Valle del Ebro, principalmente en Aragón y Cataluña. La alta competitividad del sector se debe, entre otros factores, a que las condiciones climáticas permiten la producción de variedades de recolección desde extra–temprana hasta muy tardía. Sin embargo, la cuenca mediterránea es una de las regiones más vulnerables al cambio climático del mundo. En el valle del Ebro se pronostica un aumento de temperaturas de aproximada mente 2ºC para mediados de siglo, alcanzando hasta 4ºC a finales del siglo XXI en el peor de los escenarios. En este contexto, cobra gran relevancia el proyecto Warm Peach, que actualmente se desarrolla entre la Estación Experimental Aula Dei (CSIC) y el IRTA (Fruitcentre), y cuyo principal objetivo es investigar los efectos del aumento de las temperaturas en los procesos de desarrollo y la calidad poscosecha del melocotón.</subfield>
   </datafield>
   <datafield ind1="8" ind2=" " tag="024">
      <subfield code="a">2013-5743</subfield>
   </datafield>
   <datafield ind1="8" ind2=" " tag="024">
      <subfield code="a">http://hdl.handle.net/20.500.12327/3703</subfield>
   </datafield>
   <datafield ind2="0" ind1="0" tag="245">
      <subfield code="a">Proyecto WarmPeach: investigando el efecto del aumento de temperaturas sobre el desarrollo y la calidad poscosecha del melocotón</subfield>
   </datafield>
</record></metadata></record></GetRecord></OAI-PMH>